Strategic Decision Making and Influence of Economic Freedoms on Foreign Direct Investment (FDI) in Bosnia and Herzegovina

Rozhodovanie o priamych zahraničných investíciách (PZI) je strategické rozhodnutie pre krajinu, firmu, ale aj jednotlivca. Kam, ako a kedy investovať závisí od ekonomických podmienok a ekonomických slobôd. Priame zahraničné investície ako významný faktor v celkovom rozvoji Bosny a Hercegoviny. Pozit...

Ausführliche Beschreibung

Gespeichert in:
Bibliographische Detailangaben
1. Verfasser: Milovanović, Dragan
Weitere Verfasser: Marković, Nenad
Format: Buchkapitel
Sprache:Englisch
Schlagworte:
Tags: Tag hinzufügen
Keine Tags, Fügen Sie das erste Tag hinzu!

MARC

LEADER 00000naa a2200000 4500
001 0286811
005 20220718124533.3
041 0 |a eng 
044 |a RS 
245 1 0 |a Strategic Decision Making and Influence of Economic Freedoms on Foreign Direct Investment (FDI) in Bosnia and Herzegovina  |c Dragan Milovanović, Nenad Marković 
520 |a Rozhodovanie o priamych zahraničných investíciách (PZI) je strategické rozhodnutie pre krajinu, firmu, ale aj jednotlivca. Kam, ako a kedy investovať závisí od ekonomických podmienok a ekonomických slobôd. Priame zahraničné investície ako významný faktor v celkovom rozvoji Bosny a Hercegoviny. Pozitívna korelácia ekonomických slobôd na strategické rozhodnutia o priamych zahraničných investíciách v Bosne a Hercegovine. Vplyv pandémie Covid-19 na priame zahraničné investície v Bosne a Hercegovine, ale aj na celom svete. 
610 2 0 |a investície priame zahraničné 
610 2 0 |a sloboda ekonomická 
610 2 0 |a rozhodovanie strategické 
610 2 0 |a pandémia 
610 2 0 |a koronavírus 
610 2 0 |a Bosna a Hercegovina 
100 1 |a Milovanović, Dragan 
700 1 |a Marković, Nenad